LEADER 00922nam0 2200265 450 001 000014480 005 20181112150603.0 100 $a20080717d1992----km-y0itay50------ba 101 0 $aita 102 $aIT 105 $aa-------001yy 200 1 $a<>distribuzione regionale della spesa pubblica. Esperienze internazionali$fFormez 210 $aNapoli$cFormez$d1992 215 $aVIII, 138 p.$cill.$d24 cm 225 2 $aQuaderni regionali Formez 410 0$12001$aQuaderni regionali Formez 610 1 $aFinanza regionale 610 1 $aSpese pubbliche$aDistribuzione territoriale 676 $a339.522$v19$9Uso della politica fiscale. Spesa pubblica 710 02$aFormez$0424425 801 0$aIT$bUNIPARTHENOPE$c20080717$gRICA$2UNIMARC 912 $a000014480 951 $a339.522/102$b32816$cNAVA4 996 $aDistribuzione regionale della spesa pubblica. Esperienze internazionali$91202483 997 $aUNIPARTHENOPE